ਬੰਟੀ ਬਜ਼ਾਰ / (Record no. 80891)

MARC details
000 -LEADER
fixed length control field 00753nam a22002537a 4500
005 - DATE AND TIME OF LATEST TRANSACTION
control field 20180131154110.0
008 - FIXED-LENGTH DATA ELEMENTS--GENERAL INFORMATION
fixed length control field 131126b xxu||||| |||| 00| 0 eng d
010 ## - LCCN (DPL NO)
LC control number PUN-7725 B-669856
020 ## - INTERNATIONAL STANDARD BOOK NUMBER
Terms of availability 240.00
035 ## - SYSTEM CONTROL NUMBER
System control number PN-6843
035 ## - SYSTEM CONTROL NUMBER
System control number B-669856
037 ## - SOURCE OF ACQUISITION
Source of stock number/acquisition DBAD / PUB
037 ## - SOURCE OF ACQUISITION
Source of stock number/acquisition Arsee Publishers
040 ## - CATALOGING SOURCE
Original cataloging agency dpl
Language of cataloging pn
082 ## - DEWEY DECIMAL CLASSIFICATION NUMBER
Classification number
100 ## - MAIN ENTRY--PERSONAL NAME
Personal name ਚੋਹਾਨ,ਗੁਲ
245 ## - TITLE STATEMENT
Title ਬੰਟੀ ਬਜ਼ਾਰ /
Statement of responsibility, etc ਗੁਲ ਚੋਹਾਨ
246 ## - VARYING FORM OF TITLE
Title proper/short title Bunty Bazar
Remainder of title by Gul Chauhan
260 ## - PUBLICATION, DISTRIBUTION, ETC. (IMPRINT)
Place of publication, distribution, etc Delhi
Name of publisher, distributor, etc Arsee Publishers
Date of publication, distribution, etc 2013
270 ## - ADDRESS
City Delhi
Address Chandni Chowk
Telephone number 011-65966481
300 4# - PHYSICAL DESCRIPTION
Extent 144p.
Dimensions 22ਸੇਂਮੀ (ਸਜਿਲੱਦ)
942 ## - ADDED ENTRY ELEMENTS (KOHA)
Source of classification or shelving scheme Dewey Decimal Classification
Item type Punjabi Bks
Classification part
Call number suffix ਚੋਹਾਨ
Holdings
Withdrawn status Lost status Source of classification or shelving scheme Damaged status Not for loan Home library Current library Date acquired Source of acquisition Cost, normal purchase price Total Checkouts Full call number Barcode Date last seen Copy number Cost, replacement price Koha item type Collection code
    Dewey Decimal Classification     Ashok Vihar Ashok Vihar 31/01/2018 BPPD/SP/2256/27.2.2017/AV/16-17/16.2.2017/24.3.2017 240.00   ਕ ਚੋਹਾਨ B-669856 31/01/2018 1 240.00 Punjabi Bks Fiction
    Dewey Decimal Classification     D.B.Act.Division D.B.Act.Division 27/11/2013 DBAD 240.00   ਕ ਚੋਹਾਨ PN-6843 27/11/2013 1 240.00 Punjabi Bks  

© Delhi Public Library
Hit Counter
free hit counter